000 00400pab a2200157 454500
008 180718b2010 xxu||||| |||| 00| 0 eng d
100 _aAmin, Mohammad
245 _aComputer usage and labour regulation in India's retail sector
260 _c2010
300 _ap.1572-1592.
362 _aOct
650 _aLabour law
773 _aJournal of Development Studies
908 _aN
909 _a89857
999 _c89857
_d89857